Pony-4-sale / (Record no. 1299)

MARC details
000 -LEADER
fixed length control field 01166cam a22003013a 4500
005 - DATE AND TIME OF LATEST TRANSACTION
control field 20230908160708.0
020 ## - INTERNATIONAL STANDARD BOOK NUMBER
International Standard Book Number 9780439165730
040 ## - CATALOGING SOURCE
Original cataloging agency EOW
Transcribing agency EOW
Modifying agency DLC
Language of cataloging eng
050 00 - LIBRARY OF CONGRESS CALL NUMBER
Classification number PZ10.3
082 ## - DEWEY DECIMAL CLASSIFICATION NUMBER
Classification number Fic
100 1# - MAIN ENTRY--PERSONAL NAME
Personal name Betancourt, Jeanne.
245 10 - TITLE STATEMENT
Title Pony-4-sale /
Statement of responsibility, etc. Jeanne Betancourt ; illustrated by Paul Bachem.
246 3# - VARYING FORM OF TITLE
Title proper/short title Pony for sale
260 ## - PUBLICATION, DISTRIBUTION, ETC.
Place of publication, distribution, etc. New York :
Name of publisher, distributor, etc. Scholastic,
Date of publication, distribution, etc. 2001.
300 ## - PHYSICAL DESCRIPTION
Extent 87 pages :
Other physical details Illustrations ;
Dimensions 20 cm.
490 ## - SERIES STATEMENT
Series statement Pony Pals
Volume/sequential designation Book 30
500 ## - GENERAL NOTE
General note "A Little Apple paperback."
505 ## - FORMATTED CONTENTS NOTE
Formatted contents note K <br/>
520 ## - SUMMARY, ETC.
Summary, etc. As Pam rides her pony, she happens upon Cloud, Maggie the Magician's pony. Cloud seems skittish and frightened by people. Pam, Anna, and Lulu set out to learn about Cloud's past. The truth they uncover is disturbing, but it may be the key to giving Cloud a better future. Illustrations.Copyright © Libri GmbH. All rights reserved.
521 ## - TARGET AUDIENCE NOTE
Target audience note 520 <br/>
Source Lexile <br/>
521 ## - TARGET AUDIENCE NOTE
Target audience note K <br/>
Source Raz-Plus <br/>
650 #0 - SUBJECT ADDED ENTRY--TOPICAL TERM
Topical term or geographic name entry element Ponies
Form subdivision Juvenile fiction.
655 #7 - INDEX TERM--GENRE/FORM
Genre/form data or focus term Children's stories.
Source of term lcsh
700 1# - ADDED ENTRY--PERSONAL NAME
Personal name Bachem, Paul.
906 ## - LOCAL DATA ELEMENT F, LDF (RLIN)
a 7
b cbc
c copycat
d 2
e ncip
f 20
g y-genrareb
942 ## - ADDED ENTRY ELEMENTS (KOHA)
Source of classification or shelving scheme Dewey Decimal Classification
Koha item type Books
Suppress in OPAC No
999 ## -
-- 1299
-- 1299
Holdings
Withdrawn status Lost status Source of classification or shelving scheme Damaged status Not for loan Collection Home library Current library Shelving location Date acquired Total Checkouts Full call number Barcode Date last seen Date last checked out Price effective from Koha item type
    Dewey Decimal Classification     Juvenile Fiction Footprints International School Library Network Toul Kork Campus Footprints International School Library Network Toul Kork Campus   08/11/2023 4 BET Fic PZ10.3 FISTKG6A055 09/18/2024 09/11/2024 08/11/2023 Books